[Event "Turkish Super League 2019"]
[Site "Konya"]
[Date "2019.07.28"]
[Round "13"]
[White "Agdelen, Huseyin Can"]
[Black "Caglar, Ahmet Ata"]
[Result "1/2-1/2"]
[WhiteElo "2275"]
[BlackElo "2051"]
[Annotator "NA"]
[PlyCount "49"]
[EventDate "2019.07.17"]
[EventType "team-tourn"]
[EventCountry "TUR"]
[SourceTitle "playchess.com"]
[Source "ChessBase"]
[SourceQuality "1"]
[TimeControl "40/5400+30:1800+30"]

1. e4 {[%emt 0:01:30]} c5 {[%emt 0:00:30]} 2. Nf3 {[%emt 0:00:00]} Nc6 {[%emt 0:00:30]} 3. d4 {[%emt 0:00:00]} cxd4 {[%emt 0:00:00]} 4. Nxd4 {[%emt 0:00:30]} e5 {[%emt 0:00:00]} 5. Nb5 {[%emt 0:00:30]} d6 {[%emt 0:00:30]} 6. N1c3 {[%emt 0:00:00]} a6 {[%emt 0:00:00]} 7. Na3 {[%emt 0:00:00]} b5 {[%emt 0:00:00]} 8. Nd5 {[%emt 0:00:30]} Nge7 {[%emt 0:00:00]} 9. Bd3 {[%emt 0:00:30]} Nxd5 {[%emt 0:03:00]} 10. exd5 {[%emt 0:00:30]} Ne7 {[%emt 0:00:00]} 11. c4 {[%emt 0:03:30]} g6 {[%emt 0:11:00]} 12. cxb5 {[%emt 0:06:30]} Bg7 {[%emt 0:00:30]} 13. O-O {[%emt 0:21:30]} O-O {[%emt 0:00:30]} 14. Bc4 {[%emt 0:09:30]} f5 {[%emt 0:09:30]} 15. f4 {[%emt 0:11:30]} exf4 {[%emt 0:10:30]} 16. Rxf4 {[%emt 0:03:30]} Be5 {[%emt 0:01:30]} 17. Rf1 {[%emt 0:03:30]} f4 {[%emt 0:01:30]} 18. Qe2 {[%emt 0:12:30]} h5 {[%emt 0:16:30]} 19. Kh1 {[%emt 0:08:04]} Bg4 {[%emt 0:01:30]} 20. Qe4 {[%emt 0:00:15]} Bf5 {[%emt 0:12:30]} 21. Qe2 {[%emt 0:02:07]} Bg4 {[%emt 0:00:30]} 22. Qe4 {[%emt 0:00:00]} Bf5 {[%emt 0:00:30]} 23. Qe2 {[%emt 0:02:07]} Bg4 {[%emt 0:00:30]} 24. Qe4 {[%emt 0:00:21]} Bf5 {[%emt 0:00:30]} 25. Qe2 {[%emt 0:00:39]} 1/2-1/2

[Event "Turkish Super League 2019"]
[Site "Konya"]
[Date "2019.07.28"]
[Round "13"]
[White "Annaberdiyev, Babageldi"]
[Black "Citak, Selim"]
[Result "1/2-1/2"]
[WhiteElo "2244"]
[BlackElo "2253"]
[Annotator "TA"]
[PlyCount "60"]
[EventDate "2019.07.17"]
[EventType "team-tourn"]
[EventCountry "TUR"]
[SourceTitle "playchess.com"]
[Source "ChessBase"]
[SourceQuality "1"]

{[%evp 10,60,27,2,61,7,7,7,7,7,7,7,7,7,7,0,0,0,3,0,19,19,22,5,9,11,5,3,6,5,6,0,0,0,6,0,0,0,0,0,0,0,0,0,0,0,0,0,0,0,0,0,0]} 1. e4 e5 2. Nf3 Nf6 3. d4 Nxe4 4. Bd3 d5 5. Nxe5 Nd7 6. O-O Bd6 {C43: Petroff Defence: 3 d4} (6... Nxe5 $11 7. Bxe4 dxe4 8. dxe5 Bf5) (6... Nxe5 7. dxe5 Nc5 8. Be3 Nxd3 9. Qxd3 c6 10. Nd2 Be7 11. f4 g6 12. c3 Bf5 13. Qe2 Qd7 14. Nb3 b6 15. h3 {1-0 (63) Jones,G (2682)-Huzman,A (2580) St Petersburg 2018}) 7. Nc3 ({Better is} 7. c4 $14) 7... Nxe5 $11 {The position is equal.} 8. dxe5 Bxe5 9. Nxe4 dxe4 10. Bxe4 $146 {Qh5 is the strong threat.} ({Predecessor:} 10. Qe2 exd3 11. Qxe5+ Kf8 12. cxd3 Qd6 13. Qe4 f5 14. Qf3 c6 15. Bf4 Qd5 16. Qg3 Bd7 17. Rfe1 Re8 18. Rxe8+ Bxe8 19. Re1 h5 20. Bd6+ {1-0 (20) Heppell,I (2062)-Pokora,L (1901) Olomouc 2017}) 10... Qxd1 11. Rxd1 O-O 12. c3 c6 13. Be3 Be6 14. Bc2 Bf6 15. Bb3 Bf5 16. Rd2 Rfd8 17. Rad1 b6 18. Kf1 Rxd2 19. Rxd2 Rd8 20. Rxd8+ Bxd8 {[%mdl 4096] Endgame KBB-KBB} 21. Ke2 Bc7 22. h3 Kf8 23. g4 Bd7 24. f4 Ke7 25. Kf3 g6 26. Bf2 Be6 27. Bh4+ Kd7 28. Bxe6+ Kxe6 29. Bf2 f5 30. c4 a6 {Accuracy: White = 63%, Black = 69%.} 1/2-1/2

[Event "Turkish Super League 2019"]
[Site "Konya"]
[Date "2019.07.28"]
[Round "13"]
[White "Goksel, Doga Cihan"]
[Black "Keler, Faruk"]
[Result "1/2-1/2"]
[WhiteElo "2230"]
[BlackElo "2263"]
[Annotator "TA"]
[PlyCount "31"]
[EventDate "2019.07.17"]
[EventType "team-tourn"]
[EventCountry "TUR"]
[SourceTitle "playchess.com"]
[Source "ChessBase"]
[SourceQuality "1"]

{[%evp 28,31,29,0,3,0]} 1. Nf3 d5 2. d4 Nf6 3. c4 c6 4. Nc3 e6 5. e3 Nbd7 6. Qc2 Bd6 7. Be2 O-O 8. O-O dxc4 9. Bxc4 e5 10. h3 Qe7 11. Bb3 Re8 (11... Bc7 12. Bd2 h6 13. Nh4 Rd8 14. Nf5 Qf8 15. Rad1 exd4 16. exd4 Nb6 17. Rfe1 Bxf5 18. Qxf5 Qd6 19. g3 Qd7 {½-½ (33) Mareco,S (2651)-Henriquez Villagra,C (2543) Montevideo 2019}) 12. Ng5 Rf8 13. Nf3 $146 ({Predecessor:} 13. f4 exd4 14. exd4 h6 15. Bd2 Nb6 16. Rae1 Qd8 17. Nf3 Bc7 18. a3 Nbd5 19. Ne5 {0-1 (51) Sertic,R (2382)-Pucovski,M (2291) Mali Losinj 2017}) 13... Re8 14. Ng5 Rf8 15. Nf3 Re8 {D46: Semi-Slav: 5 e3 Nbd7 6 Bd3, Black avoids the Meran} 16. Ng5 1/2-1/2

[Event "Turkish Super League 2019"]
[Site "Konya"]
[Date "2019.07.28"]
[Round "13"]
[White "Sahin, Ozgun"]
[Black "Aydin, Hakan Arda"]
[Result "1/2-1/2"]
[WhiteElo "2214"]
[BlackElo "1956"]
[Annotator "NA"]
[PlyCount "81"]
[EventDate "2019.07.17"]
[EventType "team-tourn"]
[EventCountry "TUR"]
[SourceTitle "playchess.com"]
[Source "ChessBase"]
[SourceQuality "1"]
[TimeControl "40/5400+30:1800+30"]

1. e4 {[%emt 0:00:30]} e5 {[%emt 0:00:30]} 2. Nf3 {[%emt 0:00:30]} Nc6 {[%emt 0:00:00]} 3. Bc4 {[%emt 0:00:00]} Bc5 {[%emt 0:00:00]} 4. O-O {[%emt 0:00:00]} Nf6 {[%emt 0:00:30]} 5. d4 {[%emt 0:00:30]} Bxd4 {[%emt 0:01:30]} 6. Nxd4 {[%emt 0:00:00]} Nxd4 {[%emt 0:00:30]} 7. Bg5 {[%emt 0:00:00]} d6 {[%emt 0:01:30]} 8. f4 {[%emt 0:00:00]} Be6 {[%emt 0:02:30]} 9. fxe5 {[%emt 0:02:00]} dxe5 {[%emt 0:00:30]} 10. Na3 {[%emt 0:00:30]} Bxc4 {[%emt 0:13:30]} 11. Nxc4 {[%emt 0:00:30]} Nc6 {[%emt 0:00:00]} 12. Bxf6 {[%emt 0:08:30]} gxf6 {[%emt 0:07:00]} 13. c3 {[%emt 0:03:30]} Qxd1 {[%emt 0:01:30]} 14. Raxd1 {[%emt 0:01:30]} Rd8 {[%emt 0:00:30]} 15. Rxd8+ {[%emt 0:00:30]} Kxd8 {[%emt 0:00:00]} 16. Rxf6 {[%emt 0:00:30]} Ke7 {[%emt 0:01:00]} 17. Rh6 {[%emt 0:03:30]} Kf8 {[%emt 0:10:30]} 18. Ne3 {[%emt 0:09:30]} Ne7 {[%emt 0:00:30]} 19. Ng4 {[%emt 0:03:30]} Kg7 {[%emt 0:01:30]} 20. Rh3 {[%emt 0:00:30]} Rd8 {[%emt 0:03:30]} 21. Rf3 {[%emt 0:07:30]} Ng6 {[%emt 0:03:30]} 22. g3 {[%emt 0:05:30]} h5 {[%emt 0:10:30]} 23. Ne3 {[%emt 0:02:30]} Ne7 {[%emt 0:00:00]} 24. Kf1 {[%emt 0:02:30]} f6 {[%emt 0:11:00]} 25. Ke2 {[%emt 0:00:30]} Rd6 {[%emt 0:01:30]} 26. Nc4 {[%emt 0:03:30]} Ra6 {[%emt 0:02:30]} 27. a3 {[%emt 0:00:30]} Nc8 {[%emt 0:03:30]} 28. Rd3 {[%emt 0:21:30]} Nd6 {[%emt 0:00:30]} 29. Nxd6 {[%emt 0:06:43]} Rxd6 {[%emt 0:00:30]} 30. Rf3 {[%emt 0:02:13]} a5 {[%emt 0:03:30]} 31. b4 {[%emt 0:08:38]} a4 {[%emt 0:02:22]} 32. g4 {[%emt 0:01:16]} hxg4 {[%emt 0:03:43]} 33. Rg3 {[%emt 0:00:01]} f5 {[%emt 0:00:00]} 34. exf5 {[%emt 0:00:14]} Kf6 {[%emt 0:00:00]} 35. Rxg4 {[%emt 0:01:10]} Kxf5 {[%emt 0:00:00]} 36. Rh4 {[%emt 0:02:51]} e4 {[%emt 0:02:20]} 37. Rh5+ {[%emt 0:00:51]} Kf4 {[%emt 0:01:55]} 38. Rh4+ {[%emt 0:00:04]} Kf5 {[%emt 0:00:00]} 39. Rh5+ {[%emt 0:00:00]} Kf4 {[%emt 0:03:05]} 40. Rh4+ {[%emt 0:00:00]} Kf5 {[%emt 0:00:00]} 41. Rh5+ {[%emt 0:02:29]} 1/2-1/2

[Event "Turkish Super League 2019"]
[Site "Konya"]
[Date "2019.07.28"]
[Round "13"]
[White "Yaran, Siar"]
[Black "Safarli, Eltaj"]
[Result "0-1"]
[WhiteElo "2197"]
[BlackElo "2608"]
[Annotator "TA"]
[PlyCount "34"]
[EventDate "2019.07.17"]
[EventType "team-tourn"]
[EventCountry "TUR"]
[SourceTitle "playchess.com"]
[Source "ChessBase"]
[SourceQuality "1"]

{[%evp 11,40,-18,0,-33,-18,-35,-49,-45,-38,-41,-53,-50,-41,-37,-35,-32,2,-51,-67,-95,-98,-1008,-1018,-29989,-1525,-29993,-29994,-29994,-29995,-29996,-29997]} 1. e4 e5 2. f4 exf4 3. Nf3 d5 4. exd5 Nf6 5. Bc4 Nxd5 6. O-O Be7 (6... c6 {feels hotter.} 7. d4 Bd6 8. Re1+ Be6 9. Bb3 O-O) 7. Bb3 {C36: King's Gambit Accepted: 3 Nf3 d5} (7. Nc3 Be6 8. Qe2 Nc6 9. d4 O-O 10. Nxd5 Bxd5 11. Bxd5 Qxd5 12. Bxf4 Bd6 13. Qd2 Rae8 14. Bxd6 Qxd6 {½-½ (43) Carlsen,M (2876)-Aronian,L (2780) Stavanger 2015}) 7... O-O 8. c4 Nf6 9. d4 {Black is slightly better.} c5 10. d5 Bd6 $1 11. Nc3 Bg4 12. Nb5 $146 ({Predecessor:} 12. Bc2 Nbd7 13. Qe1 Bxf3 14. Rxf3 Ne5 {0-1 (60) Varona Thomas,M (1777)-Hj,A (2030) Tromsoe 2014}) 12... Re8 13. Ba4 Re7 (13... Be5 $5) 14. Qc2 (14. h3 $11 Bd7 15. Nxd6 Bxa4 16. Nxb7 (16. Qxa4 Qxd6 17. Ng5 f3 $11) 16... Bxd1 17. Nxd8 Bxf3 18. Rxf3) 14... Bxf3 $15 15. Rxf3 Re1+ 16. Kf2 $2 {[%mdl 8192]} (16. Rf1 $17 Rxf1+ 17. Kxf1) 16... Qe7 $19 {[%cal Rf6g4]} 17. Rh3 Ng4+ 0-1

[Event "Turkish Super League 2019"]
[Site "Konya"]
[Date "2019.07.28"]
[Round "13"]
[White "Tezcan, Emre"]
[Black "Karagollu, Ahmet"]
[Result "1/2-1/2"]
[WhiteElo "2082"]
[BlackElo "2135"]
[Annotator "NA"]
[PlyCount "64"]
[EventDate "2019.07.17"]
[EventType "team-tourn"]
[EventCountry "TUR"]
[SourceTitle "playchess.com"]
[Source "ChessBase"]
[SourceQuality "1"]
[TimeControl "40/5400+30:1800+30"]

1. e4 {[%emt 0:00:30]} Nc6 {[%emt 0:01:30]} 2. Nf3 {[%emt 0:00:30]} e5 {[%emt 0:00:00]} 3. Bb5 {[%emt 0:01:30]} a6 {[%emt 0:00:00]} 4. Ba4 {[%emt 0:01:30]} Nf6 {[%emt 0:00:30]} 5. O-O {[%emt 0:00:00]} Be7 {[%emt 0:00:30]} 6. Re1 {[%emt 0:01:00]} b5 {[%emt 0:00:30]} 7. Bb3 {[%emt 0:00:00]} O-O {[%emt 0:00:00]} 8. c3 {[%emt 0:01:00]} d6 {[%emt 0:00:00]} 9. h3 {[%emt 0:00:30]} Na5 {[%emt 0:00:30]} 10. Bc2 {[%emt 0:00:30]} c5 {[%emt 0:00:30]} 11. d4 {[%emt 0:00:00]} cxd4 {[%emt 0:03:30]} 12. cxd4 {[%emt 0:00:00]} Nc6 {[%emt 0:00:00]} 13. Nc3 {[%emt 0:01:30]} h6 {[%emt 0:09:00]} 14. d5 {[%emt 0:02:30]} Nb8 {[%emt 0:02:30]} 15. Be3 {[%emt 0:03:30]} Nbd7 {[%emt 0:01:30]} 16. Qd2 {[%emt 0:01:30]} Re8 {[%emt 0:01:30]} 17. a4 {[%emt 0:03:30]} b4 {[%emt 0:02:30]} 18. Ne2 {[%emt 0:00:30]} a5 {[%emt 0:01:30]} 19. Ng3 {[%emt 0:00:30]} Nf8 {[%emt 0:02:30]} 20. Bd3 {[%emt 0:10:30]} Ng6 {[%emt 0:04:30]} 21. Bb5 {[%emt 0:01:30]} Bd7 {[%emt 0:02:30]} 22. Qd3 {[%emt 0:05:30]} Bf8 {[%emt 0:10:30]} 23. Nd2 {[%emt 0:02:30]} Nf4 {[%emt 0:02:30]} 24. Bxf4 {[%emt 0:01:30]} exf4 {[%emt 0:00:30]} 25. Ne2 {[%emt 0:02:30]} Bxb5 {[%emt 0:01:30]} 26. axb5 {[%emt 0:00:30]} Nd7 {[%emt 0:00:00]} 27. Nxf4 {[%emt 0:01:30]} Qf6 {[%emt 0:02:00]} 28. Ne2 {[%emt 0:08:30]} Qxb2 {[%emt 0:01:30]} 29. Nc4 {[%emt 0:01:30]} Qf6 {[%emt 0:00:30]} 30. Rxa5 {[%emt 0:01:30]} Rxa5 {[%emt 0:06:30]} 31. Nxa5 {[%emt 0:00:00]} Nc5 {[%emt 0:00:00]} 32. Qd4 {[%emt 0:06:00]} Qd8 {[%emt 0:06:00]} 1/2-1/2

[Event "Turkish Super League 2019"]
[Site "Konya"]
[Date "2019.07.28"]
[Round "13"]
[White "Acar, Utku Cengiz"]
[Black "Gholami, Aryan"]
[Result "1/2-1/2"]
[WhiteElo "2079"]
[BlackElo "2532"]
[Annotator "ChessBase"]
[PlyCount "82"]
[EventDate "2019.07.17"]
[EventType "team-tourn"]
[EventCountry "TUR"]
[SourceTitle "playchess.com"]
[Source "ChessBase"]
[SourceQuality "1"]
[TimeControl "40/5400+30:1800+30"]

1. e4 {[%emt 0:00:30]} c5 {[%emt 0:00:30]} 2. Nf3 {[%emt 0:01:30]} e6 {[%emt 0:00:30]} 3. d4 {[%emt 0:00:30]} cxd4 {[%emt 0:00:00]} 4. Nxd4 {[%emt 0:00:30]} a6 {[%emt 0:00:00]} 5. Nc3 {[%emt 0:00:30]} b5 {[%emt 0:00:00]} 6. Bd3 {[%emt 0:03:30]} Qb6 {[%emt 0:00:00]} 7. Nf3 {[%emt 0:03:30]} Bb7 {[%emt 0:03:30]} 8. O-O {[%emt 0:02:30]} Qc7 {[%emt 0:00:30]} 9. Re1 {[%emt 0:03:30]} b4 {[%emt 0:03:30]} 10. Na4 {[%emt 0:06:30]} Bc6 {[%emt 0:11:30]} 11. c4 {[%emt 0:02:30]} a5 {[%emt 0:02:30]} 12. Nd4 {[%emt 0:11:30]} Bxa4 {[%emt 0:02:30]} 13. Qxa4 {[%emt 0:00:30]} Bc5 {[%emt 0:02:30]} 14. Nb5 {[%emt 0:07:30]} Qb6 {[%emt 0:00:30]} 15. Bf4 {[%emt 0:05:30]} Na6 {[%emt 0:02:30]} 16. Bg3 {[%emt 0:03:30]} Nf6 {[%emt 0:03:30]} 17. Qc2 {[%emt 0:04:30]} Nh5 {[%emt 0:04:30]} 18. e5 {[%emt 0:02:30]} Nxg3 {[%emt 0:04:30]} 19. hxg3 {[%emt 0:00:30]} g6 {[%emt 0:00:30]} 20. Rad1 {[%emt 0:00:30]} O-O {[%emt 0:00:30]} 21. Be4 {[%emt 0:00:30]} Rad8 {[%emt 0:00:00]} 22. Nd6 {[%emt 0:10:30]} Nb8 {[%emt 0:06:00]} 23. Re2 {[%emt 0:04:30]} Kg7 {[%emt 0:03:30]} 24. Bf3 {[%emt 0:06:18]} f6 {[%emt 0:01:30]} 25. exf6+ {[%emt 0:00:30]} Rxf6 {[%emt 0:00:30]} 26. Ne4 {[%emt 0:00:00]} Rf5 {[%emt 0:01:30]} 27. Red2 {[%emt 0:07:06]} Rdf8 {[%emt 0:02:30]} 28. b3 {[%emt 0:01:19]} Be7 {[%emt 0:01:30]} 29. Bg4 {[%emt 0:05:25]} R5f7 {[%emt 0:01:30]} 30. Kh2 {[%emt 0:02:33]} Qc7 {[%emt 0:04:30]} 31. Qb2+ {[%emt 0:02:11]} Kg8 {[%emt 0:00:30]} 32. Qd4 {[%emt 0:02:06]} Rg7 {[%emt 0:02:30]} 33. Qe3 {[%emt 0:00:35]} Kh8 {[%emt 0:02:30]} 34. Bf3 {[%emt 0:00:50]} g5 {[%emt 0:01:30]} 35. Qe2 {[%emt 0:00:30]} Qe5 {[%emt 0:06:30]} 36. Kg1 {[%emt 0:00:27]} Rfg8 {[%emt 0:02:30]} 37. g4 {[%emt 0:00:30]} Bd8 {[%emt 0:02:30]} 38. Nd6 {[%emt 0:00:40]} Qf6 {[%emt 0:00:30]} 39. Ne4 {[%emt 0:00:28]} Qe5 {[%emt 0:03:46]} 40. Nd6 {[%emt 0:00:00]} Qxe2 {[%emt 0:02:19]} 41. Rxe2 {[%emt 0:02:32]} Rf8 {[%emt 0:09:25]} 1/2-1/2

[Event "Turkish Super League 2019"]
[Site "Konya"]
[Date "2019.07.28"]
[Round "13"]
[White "Dolgun, Can"]
[Black "Samani, Yamac"]
[Result "0-1"]
[WhiteElo "2064"]
[BlackElo "2266"]
[Annotator "NA"]
[PlyCount "98"]
[EventDate "2019.07.17"]
[EventType "team-tourn"]
[EventCountry "TUR"]
[SourceTitle "playchess.com"]
[Source "ChessBase"]
[SourceQuality "1"]
[TimeControl "40/5400+30:1800+30"]

1. e4 {[%emt 0:00:30]} c5 {[%emt 0:00:30]} 2. Nf3 {[%emt 0:00:00]} d6 {[%emt 0:00:00]} 3. Bb5+ {[%emt 0:00:00]} Bd7 {[%emt 0:00:00]} 4. Bxd7+ {[%emt 0:00:30]} Nxd7 {[%emt 0:00:00]} 5. d4 {[%emt 0:00:30]} cxd4 {[%emt 0:00:00]} 6. Qxd4 {[%emt 0:00:00]} Ngf6 {[%emt 0:01:30]} 7. Bg5 {[%emt 0:00:00]} g6 {[%emt 0:01:30]} 8. Bxf6 {[%emt 0:01:30]} Nxf6 {[%emt 0:00:00]} 9. Qa4+ {[%emt 0:01:30]} Qd7 {[%emt 0:01:00]} 10. Qxd7+ {[%emt 0:00:30]} Nxd7 {[%emt 0:00:30]} 11. Nbd2 {[%emt 0:00:30]} Bg7 {[%emt 0:00:00]} 12. c3 {[%emt 0:00:30]} O-O {[%emt 0:01:00]} 13. Ke2 {[%emt 0:01:30]} Rab8 {[%emt 0:00:00]} 14. Rac1 {[%emt 0:05:30]} b5 {[%emt 0:00:00]} 15. b3 {[%emt 0:00:30]} a5 {[%emt 0:01:30]} 16. c4 {[%emt 0:08:30]} b4 {[%emt 0:00:30]} 17. Ne1 {[%emt 0:00:30]} a4 {[%emt 0:05:30]} 18. Nd3 {[%emt 0:02:30]} axb3 {[%emt 0:00:30]} 19. axb3 {[%emt 0:00:00]} Bc3 {[%emt 0:01:30]} 20. Nb1 {[%emt 0:02:00]} Bd4 {[%emt 0:00:30]} 21. Rc2 {[%emt 0:03:30]} f5 {[%emt 0:06:30]} 22. exf5 {[%emt 0:01:30]} Rxf5 {[%emt 0:00:30]} 23. Ra2 {[%emt 0:02:30]} Nc5 {[%emt 0:02:30]} 24. Nd2 {[%emt 0:01:30]} Nxd3 {[%emt 0:01:30]} 25. Kxd3 {[%emt 0:00:30]} Bxf2 {[%emt 0:00:30]} 26. Ne4 {[%emt 0:06:30]} Bb6 {[%emt 0:00:30]} 27. Rha1 {[%emt 0:03:30]} d5 {[%emt 0:01:30]} 28. Nd2 {[%emt 0:02:30]} dxc4+ {[%emt 0:02:30]} 29. Nxc4 {[%emt 0:00:00]} Rd8+ {[%emt 0:01:30]} 30. Ke2 {[%emt 0:00:00]} Bd4 {[%emt 0:02:30]} 31. Rf1 {[%emt 0:01:30]} Rxf1 {[%emt 0:00:30]} 32. Kxf1 {[%emt 0:03:30]} e5 {[%emt 0:03:30]} 33. Re2 {[%emt 0:02:30]} Ra8 {[%emt 0:03:30]} 34. Re4 {[%emt 0:01:30]} Rf8+ {[%emt 0:03:30]} 35. Ke1 {[%emt 0:00:30]} Kg7 {[%emt 0:01:30]} 36. Re2 {[%emt 0:10:30]} Ra8 {[%emt 0:01:30]} 37. Kf1 {[%emt 0:00:30]} Kf6 {[%emt 0:00:30]} 38. Rd2 {[%emt 0:01:30]} Kf5 {[%emt 0:02:30]} 39. Ke2 {[%emt 0:00:00]} Ke4 {[%emt 0:01:30]} 40. Nd6+ {[%emt 0:00:00]} Kd5 {[%emt 0:00:00]} 41. Nc4 {[%emt 0:01:30]} Rf8 {[%emt 0:00:00]} 42. Kd3 {[%emt 0:01:30]} e4+ {[%emt 0:03:30]} 43. Ke2 {[%emt 0:02:30]} Rf2+ {[%emt 0:02:30]} 44. Ke1 {[%emt 0:00:30]} Rxd2 {[%emt 0:00:30]} 45. Kxd2 {[%emt 0:00:00]} Bg1 {[%emt 0:00:30]} 46. h3 {[%emt 0:08:00]} Kd4 {[%emt 0:00:00]} 47. Na5 {[%emt 0:01:30]} e3+ {[%emt 0:04:00]} 48. Kc2 {[%emt 0:02:30]} Bf2 {[%emt 0:02:30]} 49. Kd1 {[%emt 0:01:30]} Kd3 {[%emt 0:00:30]} 0-1

[Event "Turkish Super League 2019"]
[Site "Konya"]
[Date "2019.07.28"]
[Round "13"]
[White "Ayan, Bengu Sena"]
[Black "Ozturk, Kubra"]
[Result "0-1"]
[WhiteElo "1885"]
[BlackElo "2317"]
[Annotator "TA"]
[PlyCount "120"]
[EventDate "2019.07.17"]
[EventType "team-tourn"]
[EventCountry "TUR"]
[SourceTitle "playchess.com"]
[Source "ChessBase"]
[SourceQuality "1"]

{[%evp 13,172,18,22,18,22,2,62,64,56,31,34,34,35,0,64,70,59,35,83,83,65,75,69,73,117,103,122,104,147,131,142,127,132,121,108,45,63,17,19,33,29,32,34,52,52,20,69,-17,93,54,92,12,16,15,17,13,108,66,62,0,4,-45,9,-96,-95,-125,-98,-321,-312,-312,-310,-301,-125,-113,-114,-126,-125,-125,-125,-126,-115,-117,-108,-103,-88,-262,-102,-183,-183,-262,-262,-391,-386,-495,-375,-940,-939,-874,-459,-451,-262,-262,-262,-477,-469,-550,-344,-317,-183,-183,-166,-164,-164,-159,-163,-162,-160,-152,-152,-197,-183,-183,-183,-183,-183,-183,-183,-197,-197,-197,-183,-183,-183,-183,-183,-183,-183,-325,-325,-325,-325,-6540,-325,-6207,-5631,-2665,-1939,-29966,-10972,-29975,-29976,-29973,-29975,-29974,-29976,-29981,-29982,-29982,-29983,-29983,-29984]} 1. d4 d5 2. c4 e6 3. Nf3 Nf6 4. g3 Be7 5. Bg2 O-O 6. O-O dxc4 7. Qc2 b5 8. a4 {E05: Open Catalan: 5 Nf3 Be7} b4 9. Nbd2 (9. Nfd2 c6 10. Nxc4 Qxd4 11. Rd1 Qc5 12. b3 Ba6 13. Nbd2 Nbd7 14. Bb2 Rad8 15. e3 Qh5 {0-1 (38) Maghsoodloo,P (2688)-Nakamura,H (2746) St Petersburg 2018}) 9... c3 (9... Bb7 $11) 10. bxc3 $14 {White is slightly better.} bxc3 $146 ({Predecessor:} 10... a5 11. Bb2 Bb7 12. Rfc1 Na6 13. cxb4 axb4 14. Nb3 Be4 15. Qc4 Qd5 16. Qxd5 Bxd5 {1-0 (46) Loetscher,R (2420)-Heika,M (2392) Germany 2015}) 11. Qxc3 Nd5 12. Qc2 Ba6 13. Re1 c5 (13... Nb4 $11 14. Qb1 N8c6) 14. dxc5 Nc6 15. Ba3 Rc8 16. Nb3 Qc7 17. Rac1 Bf6 18. Bb2 Ndb4 19. Qb1 $1 e5 20. Nbd2 $1 g6 21. Ne4 Bg7 22. Qa1 Rb8 23. Bc3 Nd5 24. Nfd2 ({Better is} 24. Bd2 $16) 24... Nd4 25. Qa2 Rfd8 $1 26. Bf1 Bb7 27. e3 Nxc3 28. Nxc3 Ne6 29. Nb5 Qd7 30. Red1 (30. Nd6 $14) 30... Bc6 (30... Qc6 $11 {keeps the balance.} 31. e4 Nxc5 {[%mdl 64] Remove Defender}) 31. Be2 Qe7 {[#]} 32. Qc4 (32. Nd6 $1 $16) 32... Bd5 33. Qc2 {aiming for c6.} Rbc8 {[%cal Rc8c5]} 34. Nb3 Ng5 (34... Bxb3 $11 35. Qxb3 Nxc5) 35. Rxd5 Rxd5 36. e4 (36. c6 $14) 36... Rdd8 37. c6 Ne6 ({Black should try} 37... Bh6 $15 38. Qc5 (38. c7 Rd7 $17) 38... Qe6) 38. Na5 (38. Qc4 $11) 38... Qb4 39. Qc3 Qxe4 40. Nb7 $2 (40. Qc4 $17 Nd4 41. Bf1) 40... Qxe2 $19 41. Nxd8 Rxd8 ({Much less strong is} 41... Nxd8 42. Re1 $19) 42. c7 Nxc7 (42... Rc8 $19 43. Qc6 Qd3) 43. Qxc7 $17 Rd1+ $40 {[%mdl 128] White is in trouble.} 44. Rxd1 Qxd1+ {[%mdl 64] Double Attack} 45. Kg2 Qxa4 46. Nxa7 Qe4+ 47. Kg1 h5 48. Nc8 Bf8 49. h4 $2 (49. Ne7+ $17 {is a better defense.} Kh7 50. Nc8) 49... Qe2 $2 (49... Qb4 $19 50. Qxe5 Qb7) 50. Ne7+ (50. Nb6 $17 {was worth a try.}) 50... Kg7 $19 51. Nc6 {[#]} (51. Qd8 $142) 51... Qd1+ $1 52. Kh2 (52. Kg2 $142 Qd5+ 53. Kg1) 52... Bd6 53. Qa7 Qd5 54. Qd7 $2 (54. Nd8 e4 55. Qb7) 54... e4 {( -> ...Bxg3+!)} 55. Qe8 Qf5 56. Kg1 Qc5 (56... Qf3 $142 {Hoping for ...e3!} 57. Ne5 Qd1+ 58. Kg2 Qd5) 57. Nd8 Qd5 58. Qc6 $2 (58. Nxf7 {only move.} Qxf7 59. Qxe4) 58... Qd1+ 59. Kh2 {[#]} Qd2 $1 60. Qb6 Qd5 {Played: Bd6-e5} 0-1

[Event "Turkish Super League 2019"]
[Site "Konya"]
[Date "2019.07.28"]
[Round "13"]
[White "Demirel, Yusuf Ziya"]
[Black "Sevgi, Volkan"]
[Result "0-1"]
[WhiteElo "1656"]
[BlackElo "2302"]
[Annotator "NA"]
[PlyCount "52"]
[EventDate "2019.07.17"]
[EventType "team-tourn"]
[EventCountry "TUR"]
[SourceTitle "playchess.com"]
[Source "ChessBase"]
[SourceQuality "1"]
[TimeControl "40/5400+30:1800+30"]

1. e4 {[%emt 0:00:30]} c6 {[%emt 0:00:30]} 2. d4 {[%emt 0:00:30]} d5 {[%emt 0:00:30]} 3. exd5 {[%emt 0:00:30]} cxd5 {[%emt 0:00:30]} 4. c4 {[%emt 0:00:30]} Nf6 {[%emt 0:00:30]} 5. Nc3 {[%emt 0:00:00]} Nc6 {[%emt 0:03:30]} 6. Nf3 {[%emt 0:00:00]} e6 {[%emt 0:00:30]} 7. c5 {[%emt 0:03:30]} Bd7 {[%emt 0:05:30]} 8. Bb5 {[%emt 0:04:30]} Ne4 {[%emt 0:05:30]} 9. Nxe4 {[%emt 0:08:30]} dxe4 {[%emt 0:01:30]} 10. Bxc6 {[%emt 0:02:30]} Bxc6 {[%emt 0:03:30]} 11. Ne5 {[%emt 0:02:30]} Qd5 {[%emt 0:06:30]} 12. Be3 {[%emt 0:07:30]} Be7 {[%emt 0:07:30]} 13. a4 {[%emt 0:08:30]} O-O {[%emt 0:05:30]} 14. b4 {[%emt 0:10:30]} f5 {[%emt 0:04:30]} 15. Qd2 {[%emt 0:15:30]} Bf6 {[%emt 0:06:30]} 16. b5 {[%emt 0:04:30]} Be8 {[%emt 0:01:30]} 17. Qa2 {[%emt 0:01:30]} Rd8 {[%emt 0:04:30]} 18. Qxd5 {[%emt 0:02:30]} Rxd5 {[%emt 0:00:30]} 19. f4 {[%emt 0:00:00]} exf3 {[%emt 0:00:00]} 20. Nxf3 {[%emt 0:00:00]} Bh5 {[%emt 0:01:00]} 21. O-O {[%emt 0:04:30]} Bxf3 {[%emt 0:00:30]} 22. Rxf3 {[%emt 0:00:00]} Rxd4 {[%emt 0:00:00]} 23. Rc1 {[%emt 0:08:16]} Rxa4 {[%emt 0:00:00]} 24. c6 {[%emt 0:00:45]} bxc6 {[%emt 0:00:30]} 25. bxc6 {[%emt 0:04:22]} Rc8 {[%emt 0:01:30]} 26. Bf4 {[%emt 0:04:45]} Rxf4 {[%emt 0:00:30]} 0-1